000 00497nam a2200145Ia 4500
008 240729s9999 xx 000 0 und d
022 _a2051-9788
245 0 _aJournal of Perspectives in Applied Academic Practice
260 _aUnited Kingdom
260 _bEdinburgh Napier University in collaboration with Aston University, the Universities of Dundee and Auckland
650 _aEducation
856 _uhttps://doaj.org/toc/6bb0e9498362430f81b212103bae2349
942 _2ddc
942 _cDOAJEJ
999 _c66125
_d66125
945 _a1
_bMadushi Gamage
_c1
_dMadushi Gamage